000 00543nam a2200169Ia 4500
008 240729s9999 xx 000 0 und d
022 _a2564-7261
245 0 _aResearch in Educational Administration & Leadership
260 _aTürkiye
260 _bEducational Administration Research and Development Association
650 _a Education (General) | Education
650 _a Special aspects of education
650 _aEducation
856 _uhttps://doaj.org/toc/5b552104d340483f8d1b2c8de39e0dcd
942 _2ddc
942 _cDOAJEJ
999 _c68568
_d68568
945 _a1
_bMadushi Gamage
_c1
_dMadushi Gamage